|
|
|
|
| LEADER |
00665nam a2200217 a 4500 |
| 001 |
000330231 |
| 003 |
CZ BrMZK |
| 005 |
19980105143423.0 |
| 007 |
ta |
| 008 |
980105s1989 gw f ger d |
| 040 |
|
|
|a BOA001
|b cze
|
| 080 |
|
|
|a 712.25:712.3(087)
|2 MRF
|
| 080 |
|
|
|a 712.3:712.25(087)
|2 MRF
|
| 245 |
0 |
0 |
|a Schatten im Garten /
|c Franz Ehmke...[et al.]
|
| 250 |
|
|
|a 1. Aufl.
|
| 260 |
|
|
|a Berlin :
|b Deutscher Landwirtschaftsverlag,
|c 1989
|
| 300 |
|
|
|a 296 s.
|
| 700 |
1 |
|
|a Ehmke, Franz,
|d 1928-2018
|7 xx0035068
|4 aut
|
| 910 |
|
|
|a BOA001
|b 2-0954.336
|
| 990 |
|
|
|a BK
|
| 996 |
7 |
|
|b 2619343075
|c 2-0954.336
|l MZK
|r Sklad / do 1 hodiny
|n 0
|w 000330231
|u 000010
|a 1
|e BOA001
|j MZK50
|s A
|